Countries with Biggest Rap Scene - Statistics

General Stats
  • This quiz has been taken 35 times
  • The average score is 12 of 15
Answer Stats
Hint Answer % Correct
1 United States of America
100%
2 Canada
97%
3 United Kingdom
97%
5 Brazil
93%
7 Japan
93%
11 Mexico
93%
13 Italy
86%
8 France
86%
6 China
83%
14 Spain
79%
15 Australia
72%
10 India
69%
4 Indonesia
52%
9 Thailand
41%
12 Jamaica
34%
No matching quizzes found
Score Distribution
Percent of People with Each Score
Percentile by Number Answered
Your Score History
You have not taken this quiz